000 00555nam a2200205Ia 4500
003 GCL
008 140319s9999 xx 000 0 eng d
040 _aGCL /
_cGCL
082 0 4 _aCC
_b962.64
_bL S
100 1 _aLOUIS, W.M. ROGER
245 1 0 _aSUEZ 1956: THE CRISIS AND ITS CONSEQUENCES /
_cLOUIS, W.M. ROGER
700 1 _aOWEN, ROGER
260 _a[S.N] :
_bCLARENCLON PRESS ،
_c1989
300 _a428 P
650 0 4 _aINTERVENTION, 1956 INFLUENCE
650 0 4 _aEGYPT
650 0 4 _aSUEZ WAR 1956
650 0 4 _aEGYPT - HISTORY
942 _2ddc
_cBK
999 _c25150
_d25150